00584nam a2200205 a 450000100080000000500110000800800410001902200140006010000160007424500960009026000330018649000320021965000280025165000120027965000130029165000120030470000190031670000200033570000230035510259732025-02-03 2024 bl uuuu u0uu1 u #d a1519-20591 aRUAS, F. G. aBoas praticas na colheita para garantir a qualidade da pimenta-rosa.h[electronic resource] aVitória, ES : Incaperc2024 a(Incaper, Documentos, 318). aSchinus terebinthifolia aAroeira aColheita aPimenta1 aVENTURA, J. A.1 aMERÍSIO, E. B.1 aCOURA, S. M. da C.